Nursing in commerce and industry /

Bibliographic Details
Main Author: McGrath, Bethel J.
Corporate Authors: National Organization for Public Health Nursing, Commonwealth Fund
Format: Book
Language:English
Published: New York : The Commonwealth fund, 1946.
Subjects:

MARC

Tag First Indicator Second Indicator Subfields
LEADER 00000cam a2200000 4500
001 in00000056038
005 20151008052348.0
008 750317s1946 nyu b 00000 eng u
010 |a sg 46000141  
035 |a (OCoLC)01219243 
035 |9 AAH2990AM 
040 |c ITD  |d TXA  |d UtOrBLW 
049 |a TXAM  |c [140025] 
050 0 |a RT99  |b .M33 
082 0 |a 331.822 
092 |a 331.822  |b M147n 
100 1 |a McGrath, Bethel J. 
245 1 0 |a Nursing in commerce and industry /  |c by Bethel J. McGrath, R. N., for the National organization for public health nursing. 
264 1 |a New York :  |b The Commonwealth fund,  |c 1946. 
300 |a xvi, 356 pages :  |b including illustrations (plans) forms, diagrams frontispiece, plates, group portrait, folded tables ;  |c 24 cm. 
336 |a text  |b txt  |2 rdacontent 
337 |a unmediated  |b n  |2 rdamedia 
338 |a volume  |b nc  |2 rdacarrier 
504 |a Includes bibliographies. 
650 0 |a Industrial nursing. 
650 0 |a Working class  |x Medical care. 
710 2 |a National Organization for Public Health Nursing. 
710 2 |a Commonwealth Fund. 
999 |a MARS 
999 f f |s 1c8b81a6-10d3-33bb-87ca-0c6f22a2d4d2  |i b97c77d1-74fa-3916-bc47-ee1476c38bfa  |t 0 
952 f f |p ric  |a Texas A&M University  |b Rellis Campus  |c Joint Library Facility  |d Remote Storage  |t 0  |e RT99 .M33  |h Library of Congress classification  |i unmediated -- volume  |m A14800721742 
998 f f |a RT99 .M33  |t 0  |l Remote Storage